Library of the University of Algiers 3
Ibrahim Sultan Cheibout
شعار جامعة الجزائر 3
مكتبة جامعة الجزائر 3
إبراهيم سلطان شيبوط

تنظيم الشركات التجارية : (رقم التسجيلة. 42580)

تفاصيل مارك
000 -LEADER
fixed length control field 01523nam a2200229Ia 4500
003 - CONTROL NUMBER IDENTIFIER
control field Ost
005 - DATE AND TIME OF LATEST TRANSACTION
control field 20260507075046.0
008 - FIXED-LENGTH DATA ELEMENTS--GENERAL INFORMATION
fixed length control field 260507s9999||||xx |||||||||||||| ||und||
040 ## - CATALOGING SOURCE
Transcribing agency fsecg
041 ## - LANGUAGE CODE
Language code of text/sound track or separate title ara
082 ## - DEWEY DECIMAL CLASSIFICATION NUMBER
Classification number 330
100 ## - MAIN ENTRY--PERSONAL NAME
Personal name المصري، عباس مصطفى
Relator term مؤلف
245 #0 - TITLE STATEMENT
Title تنظيم الشركات التجارية :
Remainder of title شركات الأشخاص وشركات الأموال /
Statement of responsibility, etc. عباس مصطفى المصري
260 ## - PUBLICATION, DISTRIBUTION, ETC.
Place of publication, distribution, etc. الإسكندرية:
Name of publisher, distributor, etc. دار الجامعة الجديدة للنشر,
Date of publication, distribution, etc. 2002
300 ## - PHYSICAL DESCRIPTION
Extent 342 صفحة؛
Other physical details إيضاحات ؛
Dimensions 24 سم
490 ## - SERIES STATEMENT
Series statement المكتبة القانونية
520 ## - SUMMARY, ETC.
Summary, etc. المبادئ العامة التي تحكم الشركات-الشركة من حيث الطبيعة والنوع والشكل-الضوابط القانونية لإنشاء الشركة-الشركة وفكرة الشخص المعنوي-الضوابط العامة لإنقضاء الشركة-شركات الأشخاص-شركات التضامن-شركة التوصية البسيطة-شركة المحاصة-الشركات ذات الطابع المختلط-الشركة ذات المسئولية المحدودة-شركة التوصية بالأسهم-شركات الأموال-شركات المساهمة-هيئات الإدارة في شركات المساهمة-انقضاء الشركة وقواعد تصفيتها
653 ## - INDEX TERM--UNCONTROLLED
Uncontrolled term الشركات
653 ## - INDEX TERM--UNCONTROLLED
Uncontrolled term الشركات المساهمة
653 ## - INDEX TERM--UNCONTROLLED
Uncontrolled term الشركات- التجارة
942 ## - ADDED ENTRY ELEMENTS (KOHA)
Koha item type كتب
المقتنيات
Withdrawn status Lost status Source of classification or shelving scheme Damaged status Not for loan Home library Current library Date acquired Serial enumeration / chronology Inventory number Total checkouts Full call number Barcode Date last seen Price effective from Koha item type
    Dewey Decimal Classification   NOT LOAN / إعارة داخلية مكتبة كلية العلوم الإقتصادية والعلوم التجارية وعلوم التسيير مكتبة كلية العلوم الإقتصادية والعلوم التجارية وعلوم التسيير 07/05/2026 الطابق الأرضي 432/1   أ/432ن1 432/1 07/05/2026 07/05/2026 كتب
    Dewey Decimal Classification   Available مكتبة كلية العلوم الإقتصادية والعلوم التجارية وعلوم التسيير مكتبة كلية العلوم الإقتصادية والعلوم التجارية وعلوم التسيير 07/05/2026 الطابق الثاني 432/2   أ/432ن2 432/2 07/05/2026 07/05/2026 كتب

موارد الويب المفتوحة


© University of Algiers 3 All Rights Reserved
|
Implemented by LECHELAH Riad